Beyond tranquebar : (Record no. 82841)

MARC details
000 -LEADER
fixed length control field 01368nam a22002777a 4500
005 - DATE AND TIME OF LATEST TRANSACTION
control field 20140425144438.0
010 ## - LCCN (DPL NO)
LC control number ENG-109509
020 ## - INTERNATIONAL STANDARD BOOK NUMBER
Terms of availability 945.00
International Standard Book Number 9788125054375
035 ## - SYSTEM CONTROL NUMBER
System control number EN-93042
037 ## - SOURCE OF ACQUISITION
Source of stock number/acquisition DBAD/PUB
082 ## - DEWEY DECIMAL CLASSIFICATION NUMBER
Classification number 954.82
245 00 - TITLE STATEMENT
Title Beyond tranquebar :
Statement of responsibility, etc edited by Esther Fihl [and] A.R. Venkatachalapathy /
Remainder of title grappling across cultural borders in South India /
260 ## - PUBLICATION, DISTRIBUTION, ETC. (IMPRINT)
Place of publication, distribution, etc New Delhi
Name of publisher, distributor, etc Orient Blakswan
Date of publication, distribution, etc 2014
270 ## - ADDRESS
Address 1/24 Asaf Ali Road
City New Delhi
Postal code 110002
300 ## - PHYSICAL DESCRIPTION
Extent xiv,625p. :
Dimensions 23cm(Hb)
Other physical details ill.,maps
500 ## - GENERAL NOTE
General note Includes bibliographical references and index
505 ## - FORMATTED CONTENTS NOTE
Formatted contents note Pt. 1. Competing histories -- pt. 2. Negotiating morals and historical identities -- pt. 3. Cultural otherness and colonial interactions -- pt. 4. Circulations of faith and knowledge -- pt. 5. Education and networks of print -- pt. 6. Translocal and intercontinental tracks.
520 ## - SUMMARY, ETC.
Summary, etc Papers presented at a three-day symposium held in May 2011.
650 ## - SUBJECT ADDED ENTRY--TOPICAL TERM
Topical term or geographic name as entry element Missions, Danish
Geographic subdivision India
-- Tranquebar
Form subdivision Congresses.
650 ## - SUBJECT ADDED ENTRY--TOPICAL TERM
Topical term or geographic name as entry element Ethnology
Geographic subdivision India
-- Tranquebar
Form subdivision Congresses.
General subdivision History
650 ## - SUBJECT ADDED ENTRY--TOPICAL TERM
Topical term or geographic name as entry element Art, Indic
Geographic subdivision India
-- Tranquebar
Form subdivision Congresses.
General subdivision History
650 ## - SUBJECT ADDED ENTRY--TOPICAL TERM
Topical term or geographic name as entry element Religion and sociology
Geographic subdivision India
-- Tranquebars.
Form subdivision Congresses.
General subdivision History
700 ## - ADDED ENTRY--PERSONAL NAME
Personal name Fihl, Esther
700 ## - ADDED ENTRY--PERSONAL NAME
Personal name Venkatachalapathy, A.R.
942 ## - ADDED ENTRY ELEMENTS (KOHA)
Source of classification or shelving scheme Dewey Decimal Classification
Item type English Books
Call number suffix BEY
Classification part 954.82
Holdings
Withdrawn status Lost status Not for loan Collection code Home library Current library Date acquired Source of acquisition Cost, normal purchase price Full call number Barcode Copy number Cost, replacement price Koha item type
    Not For Loan Non-fiction D.B.Act.Division D.B.Act.Division 03/03/2014 DBAD/PUB 945.00 954.82 BEY EN-93042 1 945.00 English Books

© Delhi Public Library
Hit Counter
free hit counter